Convex analysis /

Guardado en:
Autor Principal: Rockafellar, R. Tyrrell, 1935-
Formato: Libro
Idioma:English
Publicado: Princeton, N.J. : Princeton University Press, c1970.
Series:Princeton mathematical series ; 28
Etiquetas: Agregar Etiqueta
Sin Etiquetas, Sea el primero en etiquetar este registro!
LEADER 00679nam a22002055 4500
001 MAT.inmabb002006
008 700413s1970####nju######b####001#0#eng#d
005 20160321190552.0
245 1 0 |a Convex analysis /  |c by R. Tyrrell Rockafellar. 
260 |a Princeton, N.J. :  |b Princeton University Press,  |c c1970. 
300 |a xviii, 451 p. ;  |c 24 cm. 
440 0 |a Princeton mathematical series ;  |v 28 
504 |a Bibliografía: p. 433-446. 
510 4 |a MR,  |c 43 #445 
020 |a 0691080690 
100 1 |a Rockafellar, R. Tyrrell,  |d 1935- 
084 |a 26.52 (46.00)  |2 MR 
010 |a  68056318  
859 |h 26  |i R682  |p A-3646  |b BIB. MATEMATICA 
859 |h 26  |i R682  |p A-3817  |t Ej. 2  |b BIB. MATEMATICA